| 000 | 00689nas a2200229 4500 | ||
|---|---|---|---|
| 001 | BR9501541 | ||
| 003 | BR-BrBNA | ||
| 005 | 20231205094303.0 | ||
| 007 | ta | ||
| 008 | 230509b bl.|||p| |||| 00| 00por d | ||
| 040 |
_aBR-BrBNA _bpor _cBiblioteca Nacional de Agricultura |
||
| 041 | _a(Pt) | ||
| 072 | _aH20 | ||
| 100 | 1 | _aSa, P.B. de | |
| 100 | 1 | _aKitajima, E.W. | |
| 245 | 1 | _aCharacterization of an isolate of watermelon mosaic virus 2 (WMV-2)from Brazil | |
| 650 | _aAbobora | ||
| 650 | _aMosaico | ||
| 773 | 0 |
_tFitopatologia Brasileira (Brazil) _xISSN 0100-4158 _g(Sep 1991), v. 16(3) p. 217-224 _wBR9501541 |
|
| 909 |
_a202311 _bLúcia _c55 _dLúcia Elande |
||
| 942 |
_2AGRIS _n0 _cANA |
||
| 999 |
_c143336 _d143336 |
||